00297nam a2200121Ia 4500008004100000020002200041041000800063082002500071100001400096245002900110260002800139300000800167230519s9999 xx 000 0 und d a978-93-81579-06-0 aeng aMS/610.73/CLE/DB0452 aClement I aMedical Surgical Nursing bEMMESSaBangalorec2011 a665